000 00609nam a22001697a 4500
003 OSt
005 20171010095458.0
008 120720t xxu||||| |||| 00| 0 eng d
040 _aMMSU
_cULS
100 _aGarvida, Leo Vincent L.
_911321
245 _aIsolation and characterization of putative biotechnologically important bacteria from compost soil
_cLeo Vincent L. Garvida
260 _c2008
300 _axvii, 55 leaves
_c28 cm.
500 _aThesis (BS Biology) -- Mariano Marcos State University-College of Arts & Sciences, Batac City
504 _aBibliography: leaf 34
942 _2ddc
_cTHEDIS
999 _c9643
_d9643